00504nam a22001577a 45000050016000000100014000160200026000300350013000560370013000690820010000821000016000922450068001082600040001762700108002163000022003242010080202262.0 aENG-97788 a9788190951036c100.00 aEN-81321 bDBAD/PUB a658.4 aMythily, M. aPrinciples of management :bbusiness management /cby M.Mythily aT.V. MalaibDevi Publicationsc2009 aBramin Street, Villianellur Village, Mel Namily Post, Via-Villam (Arni) Vanavasi TkbT.V. Malaie604505 a197p.c21cm (pbk)